La defensa de la Constitución: Estudio acerca de las diversas especies y posibilidades de salvaguardia de la Constitución.

Saved in:
Bibliographic Details
Main Author: Schmitt, Carl, 1888-1985 (autor)
Other Authors: Agurto Gonzáles, Carlos Antonio (edición), Quequejana Mamani, Sonia Lidia (edición), Choque Cuenca, Benigno (edición), Sánchez Sarto, Manuel (traducción)
Format: Book
Published: Santiago, Chile: Ediciones Olejnik, 2024.
Edition:Primera edición en Ediciones Olejnik.
Series:Biblioteca de Derecho Constitucional.
Subjects:
Tags: Add Tag
No Tags, Be the first to tag this record!

MARC

LEADER 00000nam a22000007a 4500
003 CL-VaPUC
005 20250331161225.0
008 250325t2024 ||||| |||| 00| 0 eng d
999 |c 447664  |d 447662 
020 |a 978-956-407-531-0 
040 |c Pontificia Universidad Católica de Valparaíso 
082 |a 342.43 SCH 2024 
100 |a Schmitt, Carl,  |d 1888-1985  |e autor  |9 258380 
245 |a La defensa de la Constitución:  |b Estudio acerca de las diversas especies y posibilidades de salvaguardia de la Constitución.  
250 |a Primera edición en Ediciones Olejnik. 
260 |a Santiago, Chile:  |b Ediciones Olejnik,  |c 2024. 
300 |a 185 páginas. 
490 |a Biblioteca de Derecho Constitucional. 
500 |a c.1. Donación Rectoría. Biblioteca de Derecho.20-01-2025. 
583 |c 20250325  |k Gabriela Rodríguez Cuevas 
650 0 |9 222588  |a Derecho constitucional   |z Alemania 
650 0 |9 255417  |a Constituciones  |x Protección jurídica  
700 |9 876257  |a Agurto Gonzáles, Carlos Antonio   |e edición  
700 |9 876258  |a Quequejana Mamani, Sonia Lidia   |e edición  
700 |9 876259  |a Choque Cuenca, Benigno  |e edición  
700 |9 897561  |a Sánchez Sarto, Manuel  |e traducción 
942 |2 ddc  |c BK 
952 |0 0  |1 0  |2 ddc  |4 0  |6 342_430000000000000_SCH_2024  |7 0  |8 A  |9 601895  |a BIBDER  |b BIBDER  |d 2025-03-25  |e Donación  |i 5666729  |o 342.43 SCH 2024  |p 5666729  |r 2025-03-25  |t 1  |w 2025-03-25  |y BK  |k DER